Statistiques concernant Me connais-tu vraiment?

Cliquez ici pour prendre le quiz!

Statistiques générales

  • Ce quiz a été pris 4 fois
  • Le résultat moyen est 6 sur 15

Statistiques - réponses

QuestionRéponse% Correct
Quel est mon fruit préféré🍓
100%
Quel est mon activité préféréeÊtre avec toi
100%
J'ai eu combien au bac14.78
50%
Je mesure combien ?158
50%
Qui sont les membres de Que PastaEmily Juliette et Alice
50%
Quelle est ma série préféréeFriends
50%
Je ne suis jamais allée:Japon
50%
Quels sont mes 2eme prénomsLucy Natacha
50%
Comment s'appelait mon chat d'enfanceMumu
50%
A quel âge est ce que j'ai eu mon premier copain22
0%
Quelle est ma date de naissance26 août 1999
0%
Tu m'aimes comment?Passionnément
0%
Avec qui était mon premier bisouSébastien
0%
Qu'est ce que j'aime le plus chez toi?Ta capacité faire des maths
0%
Comment s'appelait mon université en AngleterreUniversity of Sussex
0%

Distribution des résultats

Percentile par nombre de réponses

% des personnes avec chaque résultat

Votre développement - résultats

Vous n’avez pas pris ce quiz